| 000 | 00000nas##2200000za#4500 |
| 001 | 9.508598 |
| 003 | CaOODSP |
| 005 | 20200325101221 |
| 007 | ta |
| 008 | 150406c1991||||xxc|| p #||||f| |0eng|d |
| 022 | |a1183-1073 |
| 040 | |aCaOODSP|beng |
| 041 | |aeng |
| 041 | |afre |
| 043 | |an-cn--- |
| 086 | 1 |aNM95-29 |
| 110 | 1 |aCanada.|bNational Museums of Canada. |bNational Museum of Science and Technology. |
| 245 | 10|aMaterial history review |
| 260 | |aOttawa - Ontario : |bNational Museums of Canada. |
| 310 | |aTwice a year |
| 546 | |aArticles in either English or French with abstracts in the other language |
| 563 | |aSoftcover |
| 792 | |tRevue d'histoire de la culture matérielle |efre|w(CaOODSP)9.508599 |